Optimální rozmísťení zásob a dispozice skladu

Saved in:
Bibliographic Details
Main Author: Ramajzl, Jan
Format: Book
Language:Czech
Published: Praha Informačné středisko skladového hospodářství 1969
Tags: Add Tag
No Tags, Be the first to tag this record!

MARC

LEADER 00000nam a2200000 4500
001 c122487
005 20041019155225.4
041 0 |a cze 
044 |a CZ 
245 1 0 |a Optimální rozmísťení zásob a dispozice skladu  |c Jan Ramajzl 
264 1 |a Praha  |b Informačné středisko skladového hospodářství  |c 1969 
300 |a 90 s. 
100 1 |a Ramajzl, Jan